<?xml version="1.0" encoding="UTF-8"?><?xml-stylesheet type="text/xsl" href="static/style.xsl"?><OAI-PMH xmlns="http://www.openarchives.org/OAI/2.0/" xmlns:xsi="http://www.w3.org/2001/XMLSchema-instance" xsi:schemaLocation="http://www.openarchives.org/OAI/2.0/ http://www.openarchives.org/OAI/2.0/OAI-PMH.xsd"><responseDate>2026-04-13T06:50:06Z</responseDate><request verb="GetRecord" identifier="oai:www.recercat.cat:10459.1/64273" metadataPrefix="marc">https://recercat.cat/oai/request</request><GetRecord><record><header><identifier>oai:recercat.cat:10459.1/64273</identifier><datestamp>2024-12-05T22:03:03Z</datestamp><setSpec>com_2072_3622</setSpec><setSpec>col_2072_479130</setSpec></header><metadata><record xmlns="http://www.loc.gov/MARC21/slim" xmlns:dcterms="http://purl.org/dc/terms/" xmlns:xsi="http://www.w3.org/2001/XMLSchema-instance" xmlns:doc="http://www.lyncode.com/xoai" xsi:schemaLocation="http://www.loc.gov/MARC21/slim http://www.loc.gov/standards/marcxml/schema/MARC21slim.xsd">
   <leader>00925njm 22002777a 4500</leader>
   <datafield ind2=" " ind1=" " tag="042">
      <subfield code="a">dc</subfield>
   </datafield>
   <datafield ind2=" " ind1=" " tag="720">
      <subfield code="a">Popa, Simona</subfield>
      <subfield code="e">author</subfield>
   </datafield>
   <datafield ind2=" " ind1=" " tag="260">
      <subfield code="c">2016-05-09T10:37:40Z</subfield>
   </datafield>
   <datafield ind2=" " ind1=" " tag="260">
      <subfield code="c">2016-05-09T10:37:40Z</subfield>
   </datafield>
   <datafield ind2=" " ind1=" " tag="260">
      <subfield code="c">2016-05-02</subfield>
   </datafield>
   <datafield ind2=" " ind1=" " tag="520">
      <subfield code="a">In migration contexts, the diversity of languages in contact triggers the processes of second language (L2) acquisition and language transfer; as well as drawing attention to the importance of mother tongue (L1) maintenance.&#xd;
The present study examines the processes of L2 acquisition (Catalan and Spanish), L1 (Romanian) maintenance, and L1transfer, in the case of 130 immigrant Romanian students, as well as the effect of attendance at L1 classes and length of residence on the three languages analysed. Accordingly, three parallel language competence tests were applied in seven public schools of Compulsory Secondary Education in Catalonia. Generally, the results indicate that the language transfer from the L1 to the L2s occurs and a longer length of residence facilitates the learning of Catalan and Spanish, but, at the same time, hinders the level of competence in L1. Also, attendance at Romanian classes seems to influence the maintenance of the mother tongue and the acquisition of the second languages.</subfield>
   </datafield>
   <datafield ind2=" " ind1=" " tag="520">
      <subfield code="a">En contextos de migració, la diversitat de llengües en contacte esdevé processos d’adquisició de segones llengües (L2) i de transferència lingüística; a més de revifar el debat sobre la importància del manteniment de la llengua materna (L1).&#xd;
En el següent treball s’exploren els processos d’adquisició de l’L2 (català i castellà), del manteniment de l’L1 (romanès) i de la transferència lingüística de l’L1, de 130 estudiants immigrants d’origen romanès; així com l’efecte d’assistir a classes d’L1 i el temps d’estada, en les tres llengües estudiades. Per a aquest propòsit, s’han aplicat tres proves paral•leles de competència lingüística en set instituts d’Educació Secundària Obligatòria de Catalunya. A nivell general, els resultats indiquen que la transferència lingüística de l’L1 a les L2s sorgeix i que un major temps d’estada afavoreix l’aprenentatge del català i del castellà però, al mateix temps, va en detriment del nivell del coneixement adquirit en la seva L1. Així mateix, l’assistència a classes de romanès sembla influir en el manteniment de la seva llengua materna i en l’aprenentatge de segones llengües.</subfield>
   </datafield>
   <datafield ind2=" " ind1=" " tag="520">
      <subfield code="a">En contextos de migración, la diversidad de lenguas en contacto desencadena procesos de adquisición de segundas lenguas (L2) y de transferencia lingüística; además de reavivar el debate sobre la importancia del mantenimiento de la lengua materna (L1). &#xd;
En el siguiente trabajo se exploran los procesos de adquisición de L2 (catalán y castellano), del mantenimiento de la L1 (rumano) y de la transferencia lingüística de la L1, de 130 estudiantes inmigrantes de origen rumano, así como el efecto de asistir a clases de L1 y el tiempo de estancia, en las tres lenguas estudiadas. Para ello, se han aplicado tres pruebas paralelas de competencia lingüística en siete institutos de Educación Secundaria Obligatoria de Cataluña. A nivel general, los resultados indican que se da la influencia de la L1 en las L2 y que un mayor tiempo de estancia favorece el aprendizaje del catalán y del castellano, pero, a su vez, va en detrimento del nivel de conocimiento adquirido en su L1. Asimismo, la asistencia a clases de rumano parece influir en el mantenimiento de su lengua materna y en el aprendizaje de segundas lenguas.</subfield>
   </datafield>
   <datafield ind1="8" ind2=" " tag="024">
      <subfield code="a">http://hdl.handle.net/10459.1/64273</subfield>
   </datafield>
   <datafield tag="653" ind2=" " ind1=" ">
      <subfield code="a">Transferència lingüística</subfield>
   </datafield>
   <datafield tag="653" ind2=" " ind1=" ">
      <subfield code="a">Adquisició de segones llengües</subfield>
   </datafield>
   <datafield tag="653" ind2=" " ind1=" ">
      <subfield code="a">Estudiants romanesos</subfield>
   </datafield>
   <datafield tag="653" ind2=" " ind1=" ">
      <subfield code="a">Transferencia lingüística</subfield>
   </datafield>
   <datafield tag="653" ind2=" " ind1=" ">
      <subfield code="a">Adquisición de segundas lenguas</subfield>
   </datafield>
   <datafield tag="653" ind2=" " ind1=" ">
      <subfield code="a">Estudiantes rumanos</subfield>
   </datafield>
   <datafield tag="653" ind2=" " ind1=" ">
      <subfield code="a">Language transfer</subfield>
   </datafield>
   <datafield tag="653" ind2=" " ind1=" ">
      <subfield code="a">Second language acquisition</subfield>
   </datafield>
   <datafield tag="653" ind2=" " ind1=" ">
      <subfield code="a">L1 maintenance</subfield>
   </datafield>
   <datafield tag="653" ind2=" " ind1=" ">
      <subfield code="a">Romanian students</subfield>
   </datafield>
   <datafield tag="653" ind2=" " ind1=" ">
      <subfield code="a">Psicologia evolutiva i de la educació</subfield>
   </datafield>
   <datafield tag="653" ind2=" " ind1=" ">
      <subfield code="a">3</subfield>
   </datafield>
   <datafield tag="653" ind2=" " ind1=" ">
      <subfield code="a">80</subfield>
   </datafield>
   <datafield ind2="0" ind1="0" tag="245">
      <subfield code="a">Language transfer in second language acquisition. Some effects of L1 instruction (Romanian) on L2/L3 learning (Catalan/Spanish)</subfield>
   </datafield>
</record></metadata></record></GetRecord></OAI-PMH>